Bd Chaurasias Human Anatomy:- Brain Neuroanatomy (Record no. 20906)
[ view plain ]
| 000 -LEADER | |
|---|---|
| fixed length control field | 00386nam a22001577a 4500 |
| 003 - CONTROL NUMBER IDENTIFIER | |
| control field | SGT |
| 020 ## - INTERNATIONAL STANDARD BOOK NUMBER | |
| International Standard Book Number | 9789388902755 |
| 082 ## - DEWEY DECIMAL CLASSIFICATION NUMBER | |
| Classification number | 611 |
| Item number | H19C |
| 100 ## - MAIN ENTRY--PERSONAL NAME | |
| Personal name | Bd Chaurasia |
| 245 ## - TITLE STATEMENT | |
| Title | Bd Chaurasias Human Anatomy:- Brain Neuroanatomy |
| 250 ## - EDITION STATEMENT | |
| Edition statement | 4TH |
| 260 ## - PUBLICATION, DISTRIBUTION, ETC. (IMPRINT) | |
| Place of publication, distribution, etc | NEW DELHI |
| Name of publisher, distributor, etc | Cbs Publishers & Distributors |
| Year of Publication | 2019 |
| 300 ## - PAGE DESCRIPTION | |
| No. of Pages | 1-200 |
| 650 ## - SUBJECT ADDED ENTRY--TOPICAL TERM | |
| Topical term or geographic name as entry element | Human Anatomy |
| 942 ## - ADDED ENTRY ELEMENTS (KOHA) | |
| Source of classification or shelving scheme | Dewey Decimal Classification |
| Koha item type | Books |
| 942 ## - ADDED ENTRY ELEMENTS (KOHA) | |
| -- | 7 |
| Withdrawn status | Lost status | Source of classification or shelving scheme | Damaged status | Not for loan | Home library | Current library | Shelving location | Date acquired | Vendor Name | Volume Information (Serial or Books or Non-Book Material) | SGTU | Bill Number | Total Checkouts | Full call number | Accession No. (Barcode) | Date last seen | Bill Date | Koha item type | Date last borrowed |
|---|---|---|---|---|---|---|---|---|---|---|---|---|---|---|---|---|---|---|---|
| Dewey Decimal Classification | SGT Dental Library | SGT Dental Library | Text Book | 05/03/2021 | AHUJA BOOK COMPANY | 4 | SGTU | 12616 | 611 H19C | FD8288 | 05/03/2021 | 27/01/2021 | Books | ||||||
| Dewey Decimal Classification | SGT Dental Library | SGT Dental Library | Text Book | 05/03/2021 | AHUJA BOOK COMPANY | 4 | SGTU | 12616 | 611 H19C | FD8289 | 05/03/2021 | 27/01/2021 | Books | ||||||
| Dewey Decimal Classification | SGT Dental Library | SGT Dental Library | Text Book | 05/03/2021 | AHUJA BOOK COMPANY | 4 | SGTU | 12616 | 611 H19C | FD8290 | 05/03/2021 | 27/01/2021 | Books | ||||||
| Dewey Decimal Classification | SGT Dental Library | SGT Dental Library | Text Book | 05/03/2021 | AHUJA BOOK COMPANY | 4 | SGTU | 12616 | 6 | 611 H19C | FD8291 | 21/06/2024 | 27/01/2021 | Books | 21/06/2024 | ||||
| Dewey Decimal Classification | SGT Dental Library | SGT Dental Library | Text Book | 05/03/2021 | AHUJA BOOK COMPANY | 4 | SGTU | 12616 | 1 | 611 H19C | FD8292 | 30/07/2025 | 27/01/2021 | Books | 30/07/2025 | ||||
| Dewey Decimal Classification | SGT Dental Library | SGT Dental Library | Text Book | 05/03/2021 | AHUJA BOOK COMPANY | 4 | SGTU | 12616 | 2 | 611 H19C | FD8293 | 19/05/2025 | 27/01/2021 | Books | 01/05/2025 |